| 000 | 007760000a22002410004500 | ||
|---|---|---|---|
| 041 | 0 | _aEspañol | |
| 090 |
_aMM _b00062 |
||
| 245 | 1 | 0 |
_aEcoturismo en Nuquí y Bahía Solano _suna experiencia pacífica |
| 300 |
_a25 min. _bVHS |
||
| 650 | 1 | 4 |
_aInfraestructura turística _9100851 |
| 650 | 1 | 4 |
_aTurismo de la naturaleza _919478 |
| 650 | 1 | 4 |
_aEcoturismo _992485 |
| 650 | 1 | 4 |
_aSenderos ecológicos _918918 |
| 650 | 1 | 4 |
_aUsos sostenible _917536 |
| 651 | 4 |
_mNuquí _dChocó _pColombia _992749 |
|
| 651 | 4 |
_mBahía Solano _dChocó _pColombia _992749 |
|
| 690 |
_aSenderos de interpretación ambiental _9100852 |
||
| 041 | 0 | _aEspañol | |
| 044 | _aColombia | ||
| 110 | 1 |
_aFundación Natura Colombia _92985 |
|
| 260 |
_aBogotá _bFundación Natura Colombia _c2000 |
||
| 942 | _cCD-ROM | ||
| 999 |
_c16445 _d16445 |
||